[Event "Col Ch "]
[Site "Ibague "]
[Date "2013.07.07"]
[Round "11.76"]
[White "Rosero, Hugo Alberto"]
[Black "Cuevas Sanchez, Bramdon Daniel"]
[Result "1-0"]
[WhiteElo "1664"]
[BlackElo "1769"]
[PlyCount "61"]
[EventDate "2013.07.01"]
[EventType "swiss"]
[EventRounds "11"]
[EventCountry "COL"]
[SourceDate "2005.09.12"]

1. e4 e5 2. Nf3 Nc6 3. Bb5 d6 4. h3 Nf6 5. d3 Be7 6. O-O O-O 7. Re1 Be6 8. c3
Ne8 9. d4 exd4 10. cxd4 d5 11. Nc3 Nf6 12. e5 Nd7 13. Be3 Nb6 14. a3 a6 15. Bd3
Na5 16. Qc2 h6 17. b3 Qd7 18. Ne2 Rac8 19. Bh7+ Kh8 20. Bd3 Qc6 21. Qd1 Qe8 22.
Rb1 Bxa3 23. Qd2 Nc6 24. Bxh6 Qe7 25. Ng3 f6 26. Nh5 Rf7 27. exf6 gxf6 28. Rxe6
Qxe6 29. Bg7+ Kg8 30. Qh6 Rd7 31. Bg6 1-0

[Event "Col Ch "]
[Site "Ibague "]
[Date "2013.07.07"]
[Round "11.77"]
[White "Sandoval Guerrero, Juan David"]
[Black "Bravo, Juan Eduardo"]
[Result "1-0"]
[WhiteElo "1501"]
[BlackElo "1726"]
[PlyCount "67"]
[EventDate "2013.07.01"]
[EventType "swiss"]
[EventRounds "11"]
[EventCountry "COL"]
[SourceDate "2005.09.12"]

1. e4 c5 2. Nf3 a6 3. Nc3 Nc6 4. d4 cxd4 5. Nxd4 Nf6 6. Bg5 e6 7. a3 d6 8. Be2
Be7 9. O-O Qc7 10. Nf3 O-O 11. Re1 b5 12. Bd3 Bb7 13. Qe2 Rac8 14. Qe3 Rfe8 15.
Qf4 Ne5 16. Nxe5 dxe5 17. Qg3 Nh5 18. Qg4 Bxg5 19. Qxg5 Nf4 20. Rad1 Red8 21.
Re3 f6 22. Qg4 Qf7 23. Ne2 Nxe2+ 24. Qxe2 Rd7 25. f3 Rcd8 26. Qf2 Rd4 27. Re2
Qd7 28. Red2 Qd6 29. b4 f5 30. c3 f4 31. cxd4 exd4 32. Bc2 e5 33. Rc1 Rc8 34.
Bb3+ 1-0

[Event "FINALE Coupe MP 2013"]
[Site "Toulouse"]
[Date "2013.06.23"]
[Round "1.1"]
[White "Brochet, Philippe"]
[Black "Ouerk, Yanis"]
[Result "1-0"]
[WhiteElo "2396"]
[BlackElo "2248"]
[PlyCount "49"]
[EventDate "2013.06.23"]
[EventType "team-match"]
[EventCountry "FRA"]
[SourceDate "2005.09.12"]

1. e4 c5 2. Nc3 Nc6 3. Bb5 Nd4 4. Nge2 e6 5. a4 a6 6. Bc4 Ne7 7. Nxd4 cxd4 8.
Ne2 Nc6 9. c3 Bc5 10. b4 Ba7 11. O-O Qf6 12. Qb3 d6 13. Bb2 Bd7 14. Kh1 dxc3
15. Bxc3 Qg6 16. b5 Nd8 17. bxa6 bxa6 18. Bxa6 Qxe4 19. Ng3 Qg6 20. Bb5 h5 21.
Bxd7+ Kxd7 22. Qb5+ Ke7 23. Rae1 h4 24. Nf5+ Kf8 25. Bxg7+ 1-0

[Event "FINALE Coupe MP 2013"]
[Site "Toulouse"]
[Date "2013.06.23"]
[Round "2.2"]
[White "Genestous, Patrick"]
[Black "Pokee, Anne Josephe"]
[Result "1-0"]
[WhiteElo "2074"]
[BlackElo "1886"]
[PlyCount "77"]
[EventDate "2013.06.23"]
[EventType "team-match"]
[EventCountry "FRA"]
[SourceDate "2005.09.12"]

1. e4 c5 2. f4 e6 3. Nf3 Nc6 4. g3 d5 5. e5 Qb6 6. c4 d4 7. Bg2 Bd7 8. d3 Be7
9. Nbd2 Nh6 10. O-O Nf5 11. Ne4 h5 12. b3 h4 13. g4 h3 14. Bh1 Nh6 15. Nfg5 f5
16. exf6 gxf6 17. Nxh3 O-O-O 18. Bg2 f5 19. gxf5 Nxf5 20. Nhg5 Rdf8 21. Qe2 Kb8
22. Nf2 Nd8 23. Bd2 Ka8 24. Ng4 Bxg5 25. fxg5 Bc6 26. Ne5 Bxg2 27. Qxg2 Nh4 28.
Qe4 Qd6 29. Bf4 Qe7 30. Rae1 Rf5 31. Kh1 Nf7 32. g6 Nd6 33. Qe2 Qf6 34. Ng4 Qe7
35. Qxe6 Qxe6 36. Rxe6 Ne8 37. Nh6 Ng7 38. Nxf5 Nxe6 39. g7 1-0

[Event "FINALE Coupe MP 2013"]
[Site "Toulouse"]
[Date "2013.06.23"]
[Round "3.3"]
[White "Ratsiambahotra, Tahiry"]
[Black "Roques, Pascal"]
[Result "1-0"]
[WhiteElo "1978"]
[BlackElo "1976"]
[PlyCount "81"]
[EventDate "2013.06.23"]
[EventType "team-match"]
[EventCountry "FRA"]
[SourceDate "2005.09.12"]

1. c4 Nc6 2. g3 e5 3. Bg2 Nf6 4. a3 a5 5. Nc3 Bc5 6. e3 O-O 7. Nge2 Re8 8. O-O
Bf8 9. d4 exd4 10. exd4 h6 11. h3 Ne7 12. Nf4 c6 13. d5 d6 14. Re1 Qc7 15. Nh5
Nxh5 16. Qxh5 Bd7 17. Bf4 Ng6 18. Be3 Ne5 19. Qe2 c5 20. f4 Ng6 21. Qf2 f5 22.
h4 Ne7 23. Bf3 Kh8 24. Re2 g6 25. h5 Bg7 26. Rae1 Bf6 27. hxg6 Nxg6 28. Qh2 Kg7
29. Qh5 Rh8 30. Bc1 Raf8 31. Kh1 Be8 32. Qh3 Bxc3 33. bxc3 Bd7 34. Bh5 Rf6 35.
g4 Qc8 36. Bxg6 Rxg6 37. Qh5 Re8 38. Re7+ Kf8 39. Qxg6 Rxe7 40. Qxh6+ Kg8 41.
Rxe7 1-0

[Event "FINALE Coupe MP 2013"]
[Site "Toulouse"]
[Date "2013.06.23"]
[Round "4.4"]
[White "Hutin, Christophe"]
[Black "Delay, Guillaume"]
[Result "0-1"]
[WhiteElo "2115"]
[BlackElo "2049"]
[PlyCount "66"]
[EventDate "2013.06.23"]
[EventType "team-match"]
[EventCountry "FRA"]
[SourceDate "2005.09.12"]

1. e4 c5 2. Nf3 d6 3. Bb5+ Nd7 4. d4 cxd4 5. Qxd4 a6 6. Bxd7+ Bxd7 7. c4 Bc6 8.
Nc3 Nf6 9. Bg5 h6 10. Bxf6 gxf6 11. O-O e6 12. Rad1 Be7 13. Rfe1 b5 14. Qd3
bxc4 15. Qxc4 Qb6 16. Nd4 Bd7 17. Rd2 Rc8 18. Qd3 h5 19. Kh1 h4 20. Qh3 Qc5 21.
f4 Qh5 22. f5 Qg5 23. Red1 e5 24. Nde2 Rc4 25. Qd3 Rg8 26. Rg1 Rc5 27. a4 a5
28. Nd5 Bf8 29. Nec3 Bc6 30. Re2 Bxd5 31. Nxd5 Be7 32. Rc2 h3 33. Rd2 hxg2+ 0-1

[Event "3rd ECC final"]
[Site "Budapest"]
[Date "1982.03.18"]
[Round "5.1"]
[White "Taimanov, Mark BURE"]
[Black "Farago, Ivan SPAB"]
[Result "1/2-1/2"]
[WhiteElo "2510"]
[BlackElo "2485"]
[PlyCount "120"]
[EventDate "1982.??.??"]
[EventRounds "2"]
[EventCountry "HUN"]
[SourceDate "2005.09.12"]
[WhiteTeam "Burevestnik S.K."]
[BlackTeam "Spartacus Budapest"]
[WhiteTeamCountry "URS"]
[BlackTeamCountry "HUN"]

1. d4 Nf6 2. c4 e6 3. Nc3 Bb4 4. e3 O-O 5. Nge2 d5 6. cxd5 exd5 7. g3 Nbd7 8.
Bg2 Nb6 9. O-O Re8 10. Nf4 c6 11. Nce2 Bf8 12. h3 Ne4 13. b3 h6 14. g4 a5 15.
a4 Qh4 16. f3 Ng5 17. Qe1 Qxe1 18. Rxe1 Ne6 19. Nd3 Nd7 20. Bd2 b6 21. Bf1 Ba6
22. Nc3 Nf6 23. Ne5 Bxf1 24. Kxf1 Bb4 25. Ra2 Rac8 26. Nd3 Bf8 27. Rc1 c5 28.
Nb5 cxd4 29. exd4 Rxc1+ 30. Bxc1 Rc8 31. Ke2 Nd7 32. Be3 Nb8 33. Nf4 Nxf4+ 34.
Bxf4 Na6 35. Kd2 Rc6 36. Be5 Nb4 37. Rb2 f6 38. Bc7 Be7 39. Kd1 Kf7 40. f4 Na6
41. Rc2 Re6 42. Re2 Rc6 43. Rc2 Rxc2 44. Kxc2 Ke6 45. f5+ Kd7 46. Bf4 Bb4 47.
Kd3 Kc6 48. Ke2 Kd7 49. Kf2 Kc6 50. Kg3 Be1+ 51. Kf3 Bb4 52. h4 Be7 53. Be3 Nb4
54. Ke2 Na6 55. Bd2 Nc7 56. Nxc7 Kxc7 57. Kd3 Bb4 58. Bc1 Be7 59. Ke2 Kc6 60.
Bd2 Bb4 1/2-1/2

[Event "Festival International d'Eté JCL 2013 -"]
[Site "Montpellier"]
[Date "2013.07.07"]
[Round "1.1"]
[White "Prie, Eric"]
[Black "Weill, Roland"]
[Result "1/2-1/2"]
[WhiteElo "2493"]
[BlackElo "2106"]
[PlyCount "100"]
[EventDate "2013.??.??"]
[EventType "swiss"]
[EventRounds "5"]
[EventCountry "FRA"]
[SourceDate "2005.09.12"]

1. d4 Nf6 2. Nc3 c5 3. d5 e5 4. e4 d6 5. Be2 Be7 6. Nf3 a6 7. a4 Bg4 8. Nd2
Bxe2 9. Qxe2 O-O 10. a5 Ne8 11. Nc4 Nd7 12. O-O Bg5 13. Bxg5 Qxg5 14. Qe3 Qe7
15. Rfb1 g6 16. b4 cxb4 17. Rxb4 Nc5 18. Na4 Nxa4 19. Raxa4 Rb8 20. Rb6 Nc7 21.
Qd2 Nb5 22. Na3 Nxa3 23. Rxa3 Rfc8 24. Ra4 Rc5 25. c4 Qc7 26. Qb4 Rc8 27. f3
Rxc4 28. Qxc4 Qxc4 29. Rxc4 Rxc4 30. Rxb7 f5 31. exf5 gxf5 32. Rb6 Rc5 33. Rxa6
Rxd5 34. Ra7 f4 35. g3 h5 36. Kg2 Rd2+ 37. Kh3 Ra2 38. a6 d5 39. gxf4 exf4 40.
Kh4 Rxh2+ 41. Kg5 Ra2 42. Kxh5 d4 43. Rd7 Rxa6 44. Rxd4 Kg7 45. Kg5 Rb6 46.
Rd7+ Kf8 47. Kxf4 Ra6 48. Kg5 Rb6 49. f4 Ra6 50. f5 Rb6 1/2-1/2

[Event "Festival International d'Eté JCL 2013 -"]
[Site "Montpellier"]
[Date "2013.07.07"]
[Round "1.2"]
[White "Mariel, David"]
[Black "Flear, Glenn C"]
[Result "1/2-1/2"]
[WhiteElo "2090"]
[BlackElo "2456"]
[PlyCount "83"]
[EventDate "2013.??.??"]
[EventType "swiss"]
[EventRounds "5"]
[EventCountry "FRA"]
[SourceDate "2005.09.12"]

1. e4 e5 2. Nf3 Nc6 3. Bc4 Bc5 4. c3 Nf6 5. d3 a6 6. Nbd2 O-O 7. Bb3 Ba7 8. O-O
d6 9. Nc4 Ne7 10. Nh4 Kh8 11. Ne3 Be6 12. Qf3 Qd7 13. Nhf5 Nxf5 14. Nxf5 d5 15.
g4 dxe4 16. dxe4 Bxb3 17. axb3 Qc6 18. Ng3 Qe6 19. g5 Nd7 20. b4 c5 21. bxc5
Nxc5 22. Be3 Qb3 23. Qe2 Rfd8 24. Rfd1 Bb6 25. Bxc5 Bxc5 26. Nf5 Qe6 27. Rxd8+
Rxd8 28. Rd1 Qe8 29. Kg2 Bf8 30. Rd3 Rxd3 31. Qxd3 f6 32. gxf6 Qg6+ 33. Kf1
Qxf6 34. Qd7 g6 35. Ne3 b5 36. Ke2 h5 37. Qe8 Kg7 38. Nd5 Qg5 39. Nc7 Qg4+ 40.
Kf1 Qd1+ 41. Kg2 Qg4+ 42. Kf1 1/2-1/2

[Event "Festival International d'Eté JCL 2013 -"]
[Site "Montpellier"]
[Date "2013.07.07"]
[Round "1.3"]
[White "Inkiov, Ventzislav"]
[Black "Decroix, Paloan"]
[Result "1-0"]
[WhiteElo "2440"]
[BlackElo "2086"]
[PlyCount "67"]
[EventDate "2013.??.??"]
[EventType "swiss"]
[EventRounds "5"]
[EventCountry "FRA"]
[SourceDate "2005.09.12"]

1. d4 Nf6 2. c4 e6 3. Nf3 Bb4+ 4. Nbd2 d5 5. Qc2 O-O 6. g3 b6 7. Bg2 Bb7 8. O-O
Be7 9. cxd5 exd5 10. Ne5 c5 11. dxc5 bxc5 12. Nb3 Qb6 13. Rd1 Na6 14. Bd2 Rac8
15. Ba5 Qe6 16. Nf3 Ne4 17. Nbd2 f5 18. Bh3 Kh8 19. Nxe4 dxe4 20. Ne1 Nb4 21.
Qd2 Bc6 22. Ng2 Nd5 23. Nf4 Nxf4 24. Qxf4 Rf7 25. Bc3 Rcf8 26. e3 Bb5 27. Bf1
Bxf1 28. Kxf1 Bf6 29. Rac1 g5 30. Qxg5 Bxc3 31. Rxc3 f4 32. exf4 Qh3+ 33. Kg1
Rf5 34. Qe7 1-0

[Event "Festival International d'Eté JCL 2013 -"]
[Site "Montpellier"]
[Date "2013.07.07"]
[Round "1.4"]
[White "Vidal, Llewellyn"]
[Black "Kurayan, Ruslan"]
[Result "1/2-1/2"]
[WhiteElo "2081"]
[BlackElo "2413"]
[PlyCount "89"]
[EventDate "2013.??.??"]
[EventType "swiss"]
[EventRounds "5"]
[EventCountry "FRA"]
[SourceDate "2005.09.12"]

1. Nf3 Nf6 2. g3 g6 3. Bg2 Bg7 4. O-O O-O 5. c4 d6 6. Nc3 Nc6 7. Rb1 a5 8. a3
e5 9. d3 Bf5 10. b4 axb4 11. axb4 Qd7 12. Re1 e4 13. b5 Nd8 14. Nh4 exd3 15.
exd3 Bg4 16. Qc2 Rb8 17. Nd1 Bh3 18. Bh1 Ne6 19. Bb2 c5 20. Ne3 Ng4 21. Bxg7
Kxg7 22. Qc3+ f6 23. Nd5 g5 24. Nf3 Ne5 25. d4 Nxf3+ 26. Bxf3 cxd4 27. Qd3 Qf7
28. Qe2 Kh8 29. Bh5 Qg8 30. g4 Nf4 31. Nxf4 gxf4 32. Rb3 Bxg4 33. Qxg4 Qxg4+
34. Bxg4 Rg8 35. h3 f5 36. f3 fxg4 37. hxg4 Rge8 38. Rxe8+ Rxe8 39. Rd3 Re3 40.
Rxd4 Rxf3 41. Rxd6 Rc3 42. Rd4 f3 43. b6 Kg7 44. Rd7+ Kf6 45. Rxb7 1/2-1/2

[Event "Festival International d'Eté JCL 2013 -"]
[Site "Montpellier"]
[Date "2013.07.07"]
[Round "1.5"]
[White "Stets, Dmitry"]
[Black "Thetis, Jimmy"]
[Result "1-0"]
[WhiteElo "2406"]
[BlackElo "2071"]
[PlyCount "67"]
[EventDate "2013.??.??"]
[EventType "swiss"]
[EventRounds "5"]
[EventCountry "FRA"]
[SourceDate "2005.09.12"]

1. e4 e6 2. d3 d5 3. Nd2 Nf6 4. Ngf3 Be7 5. g3 dxe4 6. dxe4 b6 7. Bg2 Ba6 8. e5
Nd5 9. c4 Nb4 10. O-O O-O 11. a3 N4c6 12. b4 Bb7 13. Bb2 Qd3 14. Re1 Rd8 15.
Rc1 h5 16. h4 a5 17. b5 Na7 18. Re3 Qg6 19. Nd4 Bxg2 20. Kxg2 Nd7 21. f4 Nc5
22. Qf3 Rac8 23. Ne4 Na4 24. Ba1 c6 25. f5 exf5 26. Nxf5 Bf8 27. Ned6 cxb5 28.
Nxc8 Rxc8 29. Rf1 Rxc4 30. e6 Rc2+ 31. Kh1 fxe6 32. Nh6+ Kh7 33. Qxf8 Rc8 34.
Qf7 1-0

[Event "Festival International d'Eté JCL 2013 -"]
[Site "Montpellier"]
[Date "2013.07.07"]
[Round "1.6"]
[White "Meunier, Clement"]
[Black "Thejkumar, M. S."]
[Result "0-1"]
[WhiteElo "1999"]
[BlackElo "2403"]
[PlyCount "82"]
[EventDate "2013.??.??"]
[EventType "swiss"]
[EventRounds "5"]
[EventCountry "FRA"]
[SourceDate "2005.09.12"]

1. d4 Nf6 2. c4 c5 3. d5 b5 4. cxb5 a6 5. b6 d6 6. Nc3 Nbd7 7. e4 Rb8 8. Nf3 g6
9. Bd3 Bg7 10. O-O O-O 11. h3 Rxb6 12. Nd2 Ne5 13. Be2 g5 14. Nc4 Nxc4 15. Bxc4
g4 16. hxg4 Nxg4 17. Be2 h5 18. g3 f5 19. f3 Bd4+ 20. Kg2 Ne3+ 21. Bxe3 Bxe3
22. Rh1 Qe8 23. Rh2 Qg6 24. Qh1 f4 25. g4 hxg4 26. fxg4 f3+ 27. Bxf3 Rxb2+ 28.
Ne2 Bxg4 29. Rh8+ Kg7 30. Rxf8 Rxe2+ 31. Bxe2 Bxe2+ 32. Kh2 Qh5+ 33. Kg3 Qg4+
34. Kh2 Qh4+ 35. Kg2 Qxe4+ 36. Kh3 Qg4+ 37. Kh2 Kxf8 38. Qg2 Qh4+ 39. Qh3 Qf2+
40. Qg2 Bf4+ 41. Kh3 Bg4+ 0-1

[Event "Festival International d'Eté JCL 2013 -"]
[Site "Montpellier"]
[Date "2013.07.07"]
[Round "1.7"]
[White "Brochet, Philippe"]
[Black "Malassagne, Isabelle"]
[Result "1-0"]
[WhiteElo "2396"]
[BlackElo "1995"]
[PlyCount "101"]
[EventDate "2013.??.??"]
[EventType "swiss"]
[EventRounds "5"]
[EventCountry "FRA"]
[SourceDate "2005.09.12"]

1. e4 e5 2. Nc3 Nf6 3. Bc4 Bc5 4. d3 d6 5. Na4 Bb4+ 6. c3 Ba5 7. b4 Bb6 8. Nxb6
axb6 9. f4 O-O 10. fxe5 dxe5 11. Nf3 Qe7 12. O-O h6 13. Qe1 Kh7 14. a4 Be6 15.
Nxe5 Bxc4 16. Nxc4 b5 17. Nb2 Nbd7 18. Bf4 c6 19. axb5 cxb5 20. Qe3 Ne5 21. Qc5
Qxc5+ 22. bxc5 Nc6 23. Bd6 Rxa1 24. Rxa1 Re8 25. Ra3 Nd7 26. Rb3 b4 27. cxb4
Nd4 28. Ra3 f5 29. Nd1 fxe4 30. dxe4 Rxe4 31. Re3 Nf6 32. Be7 Nf5 33. Rxe4 Nxe4
34. Bd8 Nd4 35. Nf2 Nd2 36. Nd3 Kg6 37. Kf2 Nc4 38. g4 Kf7 39. h4 Nc6 40. Bc7
Ke6 41. b5 Nd4 42. c6 b6 43. Nf4+ Ke7 44. Nd5+ Ke6 45. Nxb6 Nxb6 46. Bxb6 Nxb5
47. Ke3 Kd6 48. Ke4 g6 49. c7 Nxc7 50. Bxc7+ Kxc7 51. Ke5 1-0

[Event "Festival International d'Eté JCL 2013 -"]
[Site "Montpellier"]
[Date "2013.07.07"]
[Round "1.8"]
[White "Labadie, Jean-Jacques"]
[Black "Bujisho, Benjamin"]
[Result "0-1"]
[WhiteElo "1982"]
[BlackElo "2381"]
[PlyCount "58"]
[EventDate "2013.??.??"]
[EventType "swiss"]
[EventRounds "5"]
[EventCountry "FRA"]
[SourceDate "2005.09.12"]

1. d4 Nf6 2. c4 e6 3. Nc3 Bb4 4. f3 d5 5. e3 O-O 6. Bd3 c5 7. a3 Ba5 8. Nge2
cxd4 9. exd4 dxc4 10. Bxc4 Nc6 11. Bg5 h6 12. Bh4 Bb6 13. Bf2 e5 14. d5 Bxf2+
15. Kxf2 Ne7 16. Qb3 a6 17. a4 Nf5 18. a5 b5 19. axb6 Rb8 20. Bd3 Rxb6 21. Qc2
Nd6 22. Rhd1 Rb4 23. Kf1 e4 24. Bxe4 Ndxe4 25. Nxe4 Nxe4 26. fxe4 Qf6+ 27. Kg1
Rxb2 28. Qd3 Bg4 29. Qxa6 Qxa6 0-1

[Event "Festival International d'Eté JCL 2013 -"]
[Site "Montpellier"]
[Date "2013.07.07"]
[Round "1.10"]
[White "Gonzalez, Paul"]
[Black "Kostiuk, Tatiana"]
[Result "0-1"]
[WhiteElo "1958"]
[BlackElo "2322"]
[PlyCount "86"]
[EventDate "2013.??.??"]
[EventType "swiss"]
[EventRounds "5"]
[EventCountry "FRA"]
[SourceDate "2005.09.12"]

1. c4 Nf6 2. Nc3 e5 3. g3 d5 4. cxd5 Nxd5 5. Bg2 Nb6 6. Nf3 Nc6 7. O-O Be7 8.
e3 Qd3 9. Ne1 Qd7 10. Nc2 O-O 11. d4 exd4 12. exd4 Bf6 13. d5 Ne7 14. d6 Qxd6
15. Qxd6 cxd6 16. Ne4 d5 17. Nxf6+ gxf6 18. Re1 Nc6 19. a4 Be6 20. a5 Nc4 21.
a6 bxa6 22. Rxa6 Rfc8 23. Rd1 Nb6 24. Ne1 Nb4 25. Ra1 a5 26. Bd2 Kg7 27. Bc3
Nc6 28. Nc2 a4 29. Nd4 Nxd4 30. Rxd4 a3 31. Rf4 axb2 32. Bxf6+ Kg6 33. Rb1 Nc4
34. Rxc4 Rxc4 35. Bxb2 Ra2 36. Be5 f6 37. Bf4 Rca4 38. Re1 Ra1 39. Kf1 Rxe1+
40. Kxe1 d4 41. h4 Ra2 42. Bd2 Bc4 43. Be4+ f5 0-1

[Event "Festival International d'Eté JCL 2013 -"]
[Site "Montpellier"]
[Date "2013.07.07"]
[Round "1.21"]
[White "Grollemund, Bertrand"]
[Black "Grosse, Ludovic"]
[Result "0-1"]
[WhiteElo "2163"]
[BlackElo "1842"]
[PlyCount "64"]
[EventDate "2013.??.??"]
[EventType "swiss"]
[EventRounds "5"]
[EventCountry "FRA"]
[SourceDate "2005.09.12"]

1. e4 c5 2. Nf3 d6 3. d4 cxd4 4. Nxd4 Nf6 5. Nc3 g6 6. Be2 Bg7 7. Be3 O-O 8.
O-O Nc6 9. h3 Bd7 10. Nb3 Rc8 11. f4 a6 12. a4 Na5 13. e5 Ne8 14. Nd5 Nxb3 15.
Bb6 Nxa1 16. Bxd8 Rxd8 17. Nxe7+ Kh8 18. Qxa1 dxe5 19. fxe5 Bxe5 20. Nd5 Bf5
21. Nb4 Nf6 22. Nd3 Bd4+ 23. Kh2 Ne4 24. Qe1 Rfe8 25. g4 Bd7 26. Bf3 Ng5 27.
Qa5 Nxf3+ 28. Rxf3 Bc6 29. Rxf7 Re2+ 30. Kg3 Rg2+ 31. Kh4 Rd5 32. Qc7 Rh5+ 0-1

[Event "Festival International d'Eté JCL 2013 -"]
[Site "Montpellier"]
[Date "2013.07.06"]
[Round "2.1"]
[White "Ouakhir, Mehdi"]
[Black "Inkiov, Ventzislav"]
[Result "1/2-1/2"]
[WhiteElo "2202"]
[BlackElo "2440"]
[PlyCount "183"]
[EventDate "2013.??.??"]
[EventType "swiss"]
[EventRounds "5"]
[EventCountry "FRA"]
[SourceDate "2005.09.12"]

1. d4 Nf6 2. c4 e6 3. Nc3 d5 4. cxd5 exd5 5. Bg5 Be7 6. Qc2 c6 7. e3 Nbd7 8.
Nf3 O-O 9. Bd3 Re8 10. O-O Nf8 11. Bxf6 Bxf6 12. b4 Be7 13. b5 Bd6 14. bxc6
bxc6 15. Bf5 Ng6 16. Na4 Bxf5 17. Qxf5 Re6 18. Rac1 Rf6 19. Qh3 Nf8 20. Nc5 Qe7
21. Rc2 Rh6 22. Qg4 g6 23. h4 f5 24. Qh3 g5 25. Qxf5 gxh4 26. Qh3 Rb8 27. Rfc1
Rb6 28. Nd3 Qe4 29. Nde5 Rb1 30. Rxb1 Qxc2 31. Rb7 Rg6 32. Nxh4 Qd1+ 33. Kh2
Rh6 34. g3 Qh5 35. Kg2 Bxe5 36. dxe5 Qxe5 37. Qg4+ Kh8 38. Rf7 Ne6 39. Rxa7 Rf6
40. Ra8+ Nf8 41. Ra7 Ne6 42. Nf3 Qb8 43. Re7 Qd6 44. Re8+ Nf8 45. Nd4 Rf7 46.
Nf5 Qf6 47. Qd4 c5 48. Qxf6+ Rxf6 49. Ne7 d4 50. exd4 cxd4 51. Rd8 Kg7 52. Rxd4
Ra6 53. Nf5+ Kf7 54. a4 Ne6 55. Rb4 Nc5 56. Rh4 Rxa4 57. Rxh7+ Kg6 58. Rh6+ Kf7
59. f4 Ne4 60. Nd6+ Kg7 61. Nf5+ Kf7 62. Kf3 Nf6 63. Nd6+ Ke7 64. Nf5+ Kf7 65.
Ne3 Ra3 66. Rh1 Nd5 67. Re1 Kg6 68. g4 Rb3 69. g5 Nxf4 70. Kxf4 Rb4+ 71. Ke5
Kxg5 72. Rg1+ Kh4 73. Nf5+ Kh3 74. Nd4 Ra4 75. Rg8 Rb4 76. Nf5 Ra4 77. Nd6 Rb4
78. Ne4 Rb1 79. Nf2+ Kh2 80. Kf4 Rb3 81. Ng4+ Kg1 82. Ne3+ Kh2 83. Rg2+ Kh1 84.
Rc2 Rb1 85. Kg3 Kg1 86. Kh3 Rb3 87. Rg2+ Kh1 88. Rg3 Rb8 89. Nf5 Rh8+ 90. Nh4
Rg8 91. Ra3 Kg1 92. Ra2 1/2-1/2

[Event "Festival International d'Eté JCL 2013 -"]
[Site "Montpellier"]
[Date "2013.07.06"]
[Round "2.2"]
[White "N'Guyen, Emilien"]
[Black "Stets, Dmitry"]
[Result "1/2-1/2"]
[WhiteElo "2169"]
[BlackElo "2406"]
[PlyCount "195"]
[EventDate "2013.??.??"]
[EventType "swiss"]
[EventRounds "5"]
[EventCountry "FRA"]
[SourceDate "2005.09.12"]

1. d4 Nf6 2. c4 g6 3. Nc3 Bg7 4. e4 d6 5. Nf3 O-O 6. Be2 e5 7. d5 a5 8. Bg5 h6
9. Bh4 Na6 10. Nd2 Qe8 11. O-O Nh7 12. a3 Bd7 13. b4 h5 14. f3 axb4 15. axb4
Nxb4 16. Qb3 Bh6 17. Qxb4 Bxd2 18. c5 Rxa1 19. Rxa1 Qb8 20. Rb1 Rc8 21. c6 Qa7+
22. Bf2 Be3 23. cxd7 Bxf2+ 24. Kf1 Rd8 25. Qxb7 Nf8 26. Qxa7 Bxa7 27. Rb7 Bb6
28. Na4 Nxd7 29. Nxb6 cxb6 30. Bb5 Nc5 31. Rxb6 h4 32. Kf2 Kf8 33. Bc6 Ke7 34.
Ke3 Rc8 35. Rb1 Kf6 36. Rb5 Kg5 37. Ra5 Rb8 38. Rb5 Rxb5 39. Bxb5 Kf6 40. Be2
Ke7 41. g3 hxg3 42. hxg3 g5 43. Bb5 f6 44. f4 Nb3 45. fxg5 fxg5 46. Ba4 Nd4 47.
Kf2 Kd8 48. Kg2 Ne2 49. Kf3 Nc3 50. Bc2 Ke7 51. Kg4 Kf6 52. Kh5 Nb5 53. Ba4 Nc3
54. Bc2 Ne2 55. g4 Nf4+ 56. Kh6 Nh3 57. Bd1 Nf2 58. Bf3 Nd3 59. Kh7 Nf4 60. Kg8
Ng6 61. Bd1 Ke7 62. Kg7 Nf4 63. Bf3 Nh3 64. Kg6 Kd7 65. Kf5 Ke7 66. Bg2 Nf4 67.
Bf1 Kf7 68. Kxg5 Kg7 69. Kf5 Kf7 70. g5 Ng6 71. Bb5 Nh4+ 72. Kg4 Ng2 73. Kh5
Kg7 74. Be8 Ne3 75. Kh4 Kf8 76. Bb5 Kg7 77. Be8 Kf8 78. Bd7 Kg7 79. Bf5 Nc2 80.
Kg4 Nd4 81. Kg3 Kf7 82. Kf2 Ke7 83. Ke3 Kf7 84. Kd3 Nf3 85. g6+ Kf6 86. Kc4 Nd4
87. Kb4 Kg7 88. Ka5 Kf6 89. Kb4 Kg7 90. Kc3 Kf6 91. Kd3 Kg7 92. Ke3 Kf6 93. Kf2
Kg7 94. Kg3 Kh6 95. Kh4 Nf3+ 96. Kg3 Nd4 97. Kg4 Nc2 98. Kf3 1/2-1/2

[Event "Festival International d'Eté JCL 2013 -"]
[Site "Montpellier"]
[Date "2013.07.06"]
[Round "2.3"]
[White "Thejkumar, M. S."]
[Black "Fantin, Ludwig"]
[Result "1/2-1/2"]
[WhiteElo "2403"]
[BlackElo "2261"]
[PlyCount "48"]
[EventDate "2013.??.??"]
[EventType "swiss"]
[EventRounds "5"]
[EventCountry "FRA"]
[SourceDate "2005.09.12"]

1. d4 Nf6 2. Nf3 e6 3. c4 b6 4. g3 Bb7 5. Bg2 Be7 6. O-O O-O 7. d5 exd5 8. Nh4
c6 9. cxd5 Nxd5 10. Nf5 Nc7 11. e4 d5 12. Nc3 Bf6 13. Bf4 g6 14. Nh6+ Kh8 15.
Bxc7 Qxc7 16. exd5 Bg7 17. Ng4 f5 18. Ne3 Na6 19. Rc1 Rad8 20. Qe2 cxd5 21.
Bxd5 Bxd5 22. Nexd5 Qb7 23. Rfd1 Nc5 24. h4 Qf7 1/2-1/2

[Event "Festival International d'Eté JCL 2013 -"]
[Site "Montpellier"]
[Date "2013.07.06"]
[Round "2.4"]
[White "Duff, Rufus"]
[Black "Brochet, Philippe"]
[Result "0-1"]
[WhiteElo "2157"]
[BlackElo "2396"]
[PlyCount "64"]
[EventDate "2013.??.??"]
[EventType "swiss"]
[EventRounds "5"]
[EventCountry "FRA"]
[SourceDate "2005.09.12"]

1. e4 c5 2. Nf3 Nc6 3. d4 cxd4 4. Nxd4 Nf6 5. Nc3 e5 6. Ndb5 d6 7. Bg5 a6 8.
Na3 Be6 9. Nc4 Rc8 10. Bxf6 gxf6 11. Nd5 Bxd5 12. Qxd5 Nd4 13. Bd3 Qe7 14. b4
Qe6 15. O-O f5 16. Qxe6+ fxe6 17. c3 fxe4 18. cxd4 exd3 19. Rac1 Rc6 20. dxe5
dxe5 21. Nxe5 Rxc1 22. Rxc1 d2 23. Rb1 Bxb4 24. Kf1 O-O 25. Ke2 Rd8 26. Kd1 Bc3
27. f4 b5 28. Rb3 b4 29. a3 a5 30. axb4 axb4 31. Nc6 Ra8 32. Rb1 b3 0-1

[Event "Festival International d'Eté JCL 2013 -"]
[Site "Montpellier"]
[Date "2013.07.06"]
[Round "2.5"]
[White "Bujisho, Benjamin"]
[Black "Dussol, Pierre"]
[Result "1-0"]
[WhiteElo "2381"]
[BlackElo "2181"]
[PlyCount "97"]
[EventDate "2013.??.??"]
[EventType "swiss"]
[EventRounds "5"]
[EventCountry "FRA"]
[SourceDate "2005.09.12"]

1. e4 c5 2. Nf3 e6 3. c3 Nf6 4. e5 Nd5 5. d4 cxd4 6. cxd4 b6 7. a3 Be7 8. Bd3
Ba6 9. O-O Bxd3 10. Qxd3 Nc6 11. Nc3 Nxc3 12. bxc3 d5 13. exd6 Qxd6 14. Bg5
Bxg5 15. Nxg5 h6 16. Ne4 Qd5 17. Rab1 O-O 18. f4 f5 19. Nd2 Rac8 20. Rb5 Qd7
21. Re1 Rfe8 22. g3 Na5 23. Rbe5 Qc6 24. R1e3 Nc4 25. Qxc4 Qxc4 26. Nxc4 Rxc4
27. d5 g6 28. Kf2 Kf7 29. Ke2 Re4 30. R3xe4 fxe4 31. Rxe4 exd5 32. Rxe8 Kxe8
33. Ke3 Ke7 34. Kd4 Ke6 35. g4 h5 36. h3 h4 37. a4 a6 38. a5 bxa5 39. Kc5 a4
40. Kb4 Kd6 41. Kxa4 Kc5 42. Kb3 a5 43. Kc2 d4 44. g5 Kd5 45. c4+ Ke4 46. c5
Kd5 47. f5 a4 48. fxg6 Ke6 49. c6 1-0

[Event "Festival International d'Eté JCL 2013 -"]
[Site "Montpellier"]
[Date "2013.07.06"]
[Round "2.6"]
[White "Kostiuk, Tatiana"]
[Black "Youssoupov, Moisse"]
[Result "1/2-1/2"]
[WhiteElo "2322"]
[BlackElo "2146"]
[PlyCount "65"]
[EventDate "2013.??.??"]
[EventType "swiss"]
[EventRounds "5"]
[EventCountry "FRA"]
[SourceDate "2005.09.12"]

1. d4 Nf6 2. Nf3 c5 3. d5 e6 4. Nc3 d6 5. Bg5 Be7 6. e4 O-O 7. dxe6 Bxe6 8. Be2
Nc6 9. O-O a6 10. a4 Nb4 11. Qd2 h6 12. Bf4 d5 13. exd5 Nfxd5 14. Nxd5 Nxd5 15.
Be5 Bf6 16. c4 Nb4 17. Qxd8 Rfxd8 18. Bxf6 gxf6 19. Rfd1 Bf5 20. Ne1 Nc2 21.
Nxc2 Bxc2 22. Rxd8+ Rxd8 23. Bf3 b6 24. a5 Rb8 25. g3 Kg7 26. axb6 Rxb6 27. Bd5
Bf5 28. Ra5 Bh3 29. Rxc5 Rxb2 30. f4 Rb6 31. Rc7 Be6 32. Bxe6 Rxe6 33. Kf2
1/2-1/2